Statystyki dla Terytoria Stanów Zjednoczonych

Kliknij tutaj aby rozwiązać quiz!

Ogólne statystyki

  • Ten quiz został rozwiązany 3 954 razy
  • Średni wynik to 3 z 5

Statystyki odpowiedzi

PopulacjaTerytorium% Poprawnych
3,193,694Portoryko
92%
106,405Wyspy Dziewicze Stanów Zjednoczonych
47%
159,358Guam
45%
55,519Samoa Amerykańskie
42%
77,000Mariany Północne
29%

Rozkład punktacji

Percentyl według liczby udzielonych odpowiedzi

Procent ludzi z każdym wynikiem

Twoja historia wyników

Nie rozwiązałeś tego quizu